000 00758nam a22002177a 4500
005 20130510124947.0
010 _aENG-107023
020 _a9788184050684
_c700.00
035 _aEN-90556
037 _bDBAD/PUB
082 _a330.973
100 _aSherman, Howard J.
245 _aThe roller coaster economy :
_cby Howard J. Sherman with John Miller [and] Paul Shreman
_bfinancial crisis, great recession,and the public option /
260 _aNew Delhi
_bReference Press
_c2011
270 _a4831/24, Ansari Road, Daryaganj
_bNew Delhi
_e110002
300 _avii, 197p.:
_bill.
_c22cm(Hb)
500 _aIncludes bibliographical references and index
700 _aMiller,John
700 _aSherman,Paul
942 _2ddc
_cEN
_h330.973
_mSHE
999 _c75345
_d75345